Fundamentos éticos de la gestión del riesgo /

Según el autor la humanidad se enfrenta para los próximos años nuevos y mayores desastres, tendencia que va en aumento desde la última década. Esto se debe al aumento de la población y al incremento de la fuerza destructiva de los fenómenos naturales. Esto lo interpreta el autor como la expresión de...

Olles dieđut

Furkejuvvon:
Bibliográfalaš dieđut
Váldodahkki: Wilches-Chaux, Gustavo
Materiálatiipa: Texto
Fáttát:
Fáddágilkorat: Lasit fáddágilkoriid
Eai fáddágilkorat, Lasit vuosttaš fáddágilkora!

MARC

LEADER 00000 a a2200000 04500
001 10157
003
040
100 |a Wilches-Chaux, Gustavo  
245 |a Fundamentos éticos de la gestión del riesgo /  |c Gustavo Wilches-Chaux 
520 |a Según el autor la humanidad se enfrenta para los próximos años nuevos y mayores desastres, tendencia que va en aumento desde la última década. Esto se debe al aumento de la población y al incremento de la fuerza destructiva de los fenómenos naturales. Esto lo interpreta el autor como la expresión del sistema inmunológico de la biosfera intentando deshacerse de una especie que, por una parte, constituye "la obra maestra" del cosmos, pero que simultáneamente ha adquirido la condición de plaga. Una de las claves de la supervivencia de nuestra especie en el planeta está en la ética , según el artículo  
650 |a ETICA  
650 |a PROTECCION AMBIENTAL  
650 |a POBLACION  
650 |a DESASTRES NATURALES  
773 |g número 22; páginas 48-61  
999 |c 36966  |d 36966